Memorandum and Articles of Association (Record no. 18636)

MARC details
000 -LEADER
fixed length control field 00619nam a2200229 a 4500
020 ## - INTERNATIONAL STANDARD BOOK NUMBER
ISBN
082 00 - DEWEY DECIMAL CLASSIFICATION NUMBER
Classification number 651.755
Author Cutter HMI1
100 ## - MAIN ENTRY--AUTHOR NAME
Author name Henry Martyn Institute,
245 ## - TITLE STATEMENT
Title Memorandum and Articles of Association
260 ## - PUBLICATION, DISTRIBUTION, ETC. (IMPRINT)
Place of publication Hyderabad
Name of publisher Henry Martyn Institute
Year of publication 1999
300 ## - PHYSICAL DESCRIPTION
Number of Pages 24p
500 ## - GENERAL NOTE
General note includes index and biblioraphy
505 2# - FORMATTED CONTENTS NOTE
Formatted contents note Conclusion, Notes, Postscript, Bibliography
942 ## - ADDED ENTRY ELEMENTS (KOHA)
Koha item type Books
700 1# -
-- Henry Martyn Institute,
Holdings
Collection code Home library Current library Date acquired Cost, normal purchase price Full call number Accession Number Koha item type
  Henry Martyn Institute Library Henry Martyn Institute Library 06/12/2007 100.00 651.755 HMI1 11001331 Books
                   Copyright © 2026 | Henry Martyn Institute | Hyderabad | TS-500052 | INDIA | Implemented by hmi.edu.in
Hit-Count:

Powered by Koha